[Event "Titled Tuesday intern op 23rd May Early"]
[Site "Chess.com INT"]
[Date "2023.05.23"]
[Round "6"]
[White "Melikyan, Gnel"]
[Black "Mouhamad, Joachin"]
[Result "1-0"]
[WhiteElo "2238"]
[BlackElo "2238"]
[PlyCount "101"]
[EventDate "2023.05.23"]
[EventType "swiss (blitz)"]
[EventRounds "11"]
[EventCountry "USA"]
[SourceTitle "CBM 214 Extra"]
[Source "ChessBase"]
[SourceDate "2023.07.31"]
[SourceVersion "1"]
[SourceVersionDate "2023.07.31"]
[SourceQuality "1"]

1. e4 c5 2. Nf3 Nc6 3. Bb5 g6 4. 0-0 Bg7 5. c3 Nf6 6. Re1 0-0 7. d4 d5 8. e5 Ne4 9. h3 Qb6 10. a4 a6 11. Bxc6 bxc6 12. a5 Qb7 13. Nbd2 Bf5 14. b3 Rab8 15. Nxe4 Bxe4 16. Nd2 Bf5 17. Ba3 cxd4 18. cxd4 f6 19. exf6 Bxf6 20. Bc5 Qc7 21. Qe2 Rfe8 22. Qxa6 e5 23. dxe5 Bxe5 24. Rac1 Bh2+ 25. Kh1 Bf4 26. Be3 Bxe3 27. Rxe3 Rxe3 28. fxe3 Bd7 29. Ra1 Qe5 30. Rf1 Qxe3 31. Nf3 Rf8 32. Qb7 Bf5 33. Qxc6 Be4 34. Qe6+ Kg7 35. Qe5+ Kg8 36. a6 Qe2 37. Re1 Qf2 38. Rg1 Bxf3 39. Qe6+ Kg7 40. gxf3 Qxf3+ 41. Rg2 Qf1+ 42. Kh2 Qf4+ 43. Kh1 Rf6 44. Qe7+ Kh6 45. a7 Qf1+ 46. Kh2 Qf4+ 47. Kh1 Qc1+ 48. Rg1 Rf1 49. Qh4+ Kg7 50. Qd4+ Kh6 51. a8Q 1-0

[Event "Titled Tuesday intern op 23rd May Late"]
[Site "Chess.com INT"]
[Date "2023.05.23"]
[Round "5"]
[White "Melikyan, Gnel"]
[Black "Rozman, Levy"]
[Result "1-0"]
[WhiteElo "2238"]
[BlackElo "2322"]
[PlyCount "157"]
[EventDate "2023.05.23"]
[EventType "swiss (blitz)"]
[EventRounds "11"]
[EventCountry "USA"]
[SourceTitle "EXT 2024"]
[Source "ChessBase"]
[SourceDate "2023.10.10"]
[SourceVersion "1"]
[SourceVersionDate "2023.10.10"]
[SourceQuality "1"]

1. e4 c6 2. Nf3 d5 3. Nc3 a6 4. d4 Bg4 5. Be2 e6 6. h3 Bxf3 7. Bxf3 Nf6 8. 0-0 Be7 9. Re1 0-0 10. a3 Nbd7 11. Bf4 Qb6 12. Rb1 dxe4 13. Nxe4 Nxe4 14. Bxe4 Nf6 15. Bf3 Rfd8 16. c3 c5 17. dxc5 Bxc5 18. Qe2 Nd5 19. Be5 Ne7 20. Red1 Ng6 21. Bg3 e5 22. b4 Bf8 23. c4 Qc7 24. c5 Rab8 25. Rxd8 Rxd8 26. Rd1 Re8 27. Qe4 Rb8 28. Qf5 Be7 29. Rd7 Qc8 30. Bd5 Kh8 31. Bxf7 Nf8 32. Be6 Nxd7 33. Bxd7 Qf8 34. Bxe5 Qxf5 35. Bxf5 Re8 36. Bg3 Bf6 37. Bg4 g6 38. Bf3 Re7 39. Bd6 Rd7 40. a4 Kg7 41. b5 axb5 42. axb5 Be7 43. Bxe7 Rxe7 44. b6 Re1+ 45. Kh2 Rc1 46. Bxb7 Rxc5 47. Bf3 Rc2 48. b7 Rb2 49. Kg3 Rb4 50. Kh2 Kf6 51. g3 h5 52. Bg2 g5 53. Bf3 Kg6 54. Kg2 Rb3 55. Be4+ Kf6 56. Bf3 Kg6 57. Be4+ Kh6 58. Bd5 Rb4 59. Bc6 Rb6 60. Bf3 Rb5 61. Kf1 h4 62. Ke2 Kg6 63. Kd3 Kf6 64. Kc4 Rb2 65. Kc5 Ke7 66. Kc6 Rc2+ 67. Kb6 Rb2+ 68. Kc7 Rc2+ 69. Bc6 hxg3 70. fxg3 Rb2 71. b8Q Rxb8 72. Kxb8 Kd6 73. Bf3 Ke5 74. Bg4 Kd4 75. Kc7 Ke3 76. Kd6 Kf2 77. Ke6 Kxg3 78. Kf5 Kh4 79. Kg6 1-0